000
00275nam a2200133Ia 4500
100
_a
Parnov/E.I
942
_c
BK
654
_a
Infinitives
245
_a
At The Crossroads Of Infinitives
260
_b
Mir Publishers
082
_a
520
300
_a
396
546
_a
ENGLISH
999
_c
26331
_d
26331